| 000 | 00790nam a22002297a 4500 | ||
|---|---|---|---|
| 005 | 20241106155829.0 | ||
| 008 | 241106b |||||||| |||| 00| 0 eng d | ||
| 020 | _a9781423927020 | ||
| 050 | _aQA76.5 SHE | ||
| 100 | _aShelly, Gary B. | ||
| 245 |
_aDiscovering Computers/ _bfundamentals _cGary B. Shelly & Misty E. Vermaat with contributing authors Jeffery J. Quasney, Susan L. Sebok, Jeffery J. Webb & Steven M. Freund |
||
| 250 | _a5th Ed. | ||
| 260 |
_aAustralia _bCourse Technology, Cengage Learning _c2008 |
||
| 300 |
_axxiii. various pagings _bill. color _c27.5cm |
||
| 650 | _2Computers | ||
| 700 | _aVermaat, Misty E. | ||
| 700 | _aQuasney, Jeffrey J. | ||
| 700 | _aSebok, Susan L. | ||
| 700 | _aWebb, Jeffrey J. | ||
| 700 | _aFreund, Steven M. | ||
| 942 |
_2lcc _cBK _e5th Ed. _n0 |
||
| 999 |
_c725 _d725 |
||